[Event "Grocka op"]
[Site "Grocka"]
[Date "2015.07.25"]
[Round "3"]
[White "Pucarevic, Milenko"]
[Black "Zivkovic, Dragoslav"]
[Result "1-0"]
[WhiteElo "2151"]
[BlackElo "1840"]
[PlyCount "145"]
[EventDate "2015.07.23"]
[EventType "swiss"]
[EventRounds "9"]
[EventCountry "SRB"]
[SourceTitle "EXT 2016"]
[Source "ChessBase"]
[SourceDate "2015.10.08"]
[SourceVersion "1"]
[SourceVersionDate "2015.10.08"]
[SourceQuality "1"]

1. d4 Nf6 2. Nf3 e6 3. Bg5 Be7 4. Nbd2 0-0 5. e3 b6 6. Bd3 Bb7 7. Qe2 c5 8. c3 cxd4 9. exd4 d5 10. 0-0 Nbd7 11. Rfe1 Re8 12. a4 Rc8 13. h3 h6 14. Bf4 Nf8 15. Ne5 N6d7 16. Bb5 Bf6 17. Ng4 Be7 18. Nf3 Ng6 19. Bh2 Rf8 20. Bd3 Nh4 21. Nd2 Re8 22. g3 Ng6 23. f4 Bd6 24. Nf3 Ndf8 25. Ne3 Qf6 26. Ng4 Qd8 27. Nge5 Bxe5 28. dxe5 Qc7 29. Nd4 Qc5 30. Kh1 Rcd8 31. Bg1 Qc8 32. Kh2 Re7 33. Bf2 Qb8 34. h4 Ree8 35. h5 Ne7 36. g4 Nd7 37. Bb5 Rf8 38. Bh4 Rfe8 39. Rg1 Qc8 40. Rg3 a6 41. Bxd7 Rxd7 42. Bxe7 Rdxe7 43. g5 hxg5 44. Rxg5 Kh8 45. Rag1 Rg8 46. R1g3 Ree8 47. Qg2 Qd8 48. Kg1 Qe7 49. Rxg7 Qd8 50. Rxg8+ Rxg8 51. Rxg8+ Qxg8 52. Qxg8+ Kxg8 53. Kf2 Kg7 54. Kg3 Kh6 55. Kh4 Bc8 56. b4 Bd7 57. a5 bxa5 58. bxa5 Ba4 59. f5 Bd7 60. fxe6 fxe6 61. Kg4 Bc8 62. Nb3 Bd7 63. Nc5 Bc8 64. Kh4 Kg7 65. Kg5 Kf7 66. h6 Kg8 67. Kf6 Kh7 68. Ke7 Kxh6 69. Kd8 Kg6 70. Kxc8 Kf5 71. Nxa6 Kxe5 72. Nc5 Kd6 73. a6 1-0

[Event "Belgrade-ch"]
[Site "Belgrade"]
[Date "2009.01.28"]
[Round "5"]
[White "Bulatovic, Ilija"]
[Black "Zivkovic, Dragoslav"]
[Result "1/2-1/2"]
[WhiteElo "1897"]
[BlackElo "2075"]
[PlyCount "62"]
[EventDate "2009.01.24"]
[EventType "swiss"]
[EventRounds "9"]
[EventCountry "YUG"]
[SourceTitle "CBM 128 Extra"]
[Source "ChessBase"]
[SourceDate "2009.03.05"]
[SourceVersion "2"]
[SourceVersionDate "2009.03.25"]
[SourceQuality "1"]

1. e4 g6 2. d4 Bg7 3. Be3 d6 4. Nc3 Nf6 5. f3 c6 6. Qd2 0-0 7. 0-0-0 b5 8. g4 Nbd7 9. h4 h5 10. e5 b4 11. Ne4 Nxe4 12. fxe4 Qa5 13. Kb1 dxe5 14. gxh5 exd4 15. Bxd4 Qxh5 16. Bxg7 Kxg7 17. Be2 Qc5 18. Nf3 Nf6 19. Ng5 Bg4 20. Bxg4 Nxg4 21. Rdf1 Qd6 22. Qe2 Ne5 23. h5 Rh8 24. h6+ Kf8 25. Qf2 f6 26. Rd1 Qb8 27. Rd8+ Qxd8 28. Ne6+ Kf7 29. Nxd8+ Raxd8 30. b3 a5 31. Qb6 Ra8 1/2-1/2

[Event "Belgrade-ch"]
[Site "Belgrade"]
[Date "2009.01.26"]
[Round "3"]
[White "Sarenac, David"]
[Black "Zivkovic, Dragoslav"]
[Result "1-0"]
[WhiteElo "2212"]
[BlackElo "2075"]
[PlyCount "132"]
[EventDate "2009.01.24"]
[EventType "swiss"]
[EventRounds "9"]
[EventCountry "YUG"]
[SourceTitle "CBM 128 Extra"]
[Source "ChessBase"]
[SourceDate "2009.03.05"]
[SourceVersion "2"]
[SourceVersionDate "2009.03.25"]
[SourceQuality "1"]

1. e4 d5 2. exd5 Qxd5 3. Nf3 c6 4. d4 Bg4 5. Be2 Nf6 6. c4 Qd8 7. Nc3 e6 8. 0-0 Bd6 9. h3 Bh5 10. Be3 Nbd7 11. Qb3 Qb8 12. Rfd1 0-0 13. Rac1 b6 14. Qa4 Qb7 15. b4 a6 16. Qb3 Rac8 17. c5 Bb8 18. cxb6 Nxb6 19. Qa3 Bxf3 20. Bxf3 Nc4 21. Qb3 Nxe3 22. fxe3 Qc7 23. Ne2 Qh2+ 24. Kf2 Qd6 25. Qa4 Nd5 26. a3 f5 27. Qxa6 g5 28. Rc5 g4 29. Bxd5 exd5 30. Nf4 Qd7 31. Rdc1 Bxf4 32. exf4 g3+ 33. Kxg3 Qg7+ 34. Kh2 Qxd4 35. Qf1 Ra8 36. R1c3 Rf6 37. Qf3 Re8 38. Rd3 Qe4 39. b5 cxb5 40. Rcxd5 Qxf3 41. Rxf3 Rb8 42. Rb3 Kg7 43. Rbxb5 Rxb5 44. Rxb5 Kg6 45. a4 Rc6 46. Rb3 Ra6 47. Ra3 Ra5 48. Kg3 Kf6 49. Kf3 Ke6 50. Ke3 Kd5 51. Kd3 h5 52. g3 Kc5 53. Kc3 Ra8 54. a5 Rg8 55. a6 Rxg3+ 56. Kb2 Rg2+ 57. Kc1 Rg8 58. a7 Ra8 59. Kd2 Kd4 60. Ra4+ Kd5 61. Kd3 Kc5 62. Kc3 Kb5 63. Ra1 Kc5 64. Ra5+ Kb6 65. Kb4 Kb7 66. Rxf5 Re8 1-0

[Event "Belgrade Trophy 21st"]
[Site "Obrenovac"]
[Date "2008.12.01"]
[Round "5"]
[White "Zivkovic, Dragoslav"]
[Black "Markovic, Tamara"]
[Result "1/2-1/2"]
[WhiteElo "2087"]
[BlackElo "1556"]
[PlyCount "107"]
[EventDate "2008.11.27"]
[EventType "swiss"]
[EventRounds "9"]
[EventCountry "YUG"]
[SourceTitle "CBM 127 Extra"]
[Source "ChessBase"]
[SourceDate "2009.01.08"]
[SourceVersion "2"]
[SourceVersionDate "2009.01.28"]
[SourceQuality "1"]

1. e4 e5 2. Nf3 Nc6 3. Bb5 Nge7 4. c3 g6 5. d4 exd4 6. cxd4 d5 7. e5 Bg7 8. 0-0 0-0 9. h3 f6 10. Re1 a6 11. Bf1 Nf5 12. b3 fxe5 13. dxe5 Be6 14. Bb2 Qd7 15. Ng5 h6 16. Nxe6 Qxe6 17. Nd2 Rae8 18. Nf3 Qf7 19. Qd2 g5 20. Rad1 Nce7 21. Bd3 Kh8 22. Re2 c6 23. Rf1 Qh5 24. Nh2 Nh4 25. f3 Qf7 26. g3 Nhf5 27. Kg2 Ng6 28. Rfe1 Re6 29. Qc2 h5 30. Qd2 Qe7 31. Qc2 Qf7 32. Qd2 Bh6 33. Qb4 Nfh4+ 34. Kh1 Nf5 35. Rg2 h4 36. Bxf5 Qxf5 37. Qg4 hxg3 38. Rxg3 Nxe5 39. Qxf5 Rxf5 40. Ng4 Bg7 41. Rg2 c5 42. Rge2 d4 43. Kg2 Kg8 44. b4 Kf7 45. bxc5 Nxg4 46. Rxe6 Ne3+ 47. R6xe3 dxe3 48. Bxg7 Kxg7 49. Rxe3 Rxc5 50. Re7+ Kg6 51. Rxb7 Rc2+ 52. Kg3 Rxa2 53. h4 gxh4+ 54. Kxh4 1/2-1/2

[Event "Belgrade Trophy 21st"]
[Site "Obrenovac"]
[Date "2008.11.30"]
[Round "4"]
[White "Mihajlovic, Miodrag"]
[Black "Zivkovic, Dragoslav"]
[Result "1-0"]
[WhiteElo "2201"]
[BlackElo "2087"]
[PlyCount "73"]
[EventDate "2008.11.27"]
[EventType "swiss"]
[EventRounds "9"]
[EventCountry "YUG"]
[SourceTitle "CBM 127 Extra"]
[Source "ChessBase"]
[SourceDate "2009.01.08"]
[SourceVersion "2"]
[SourceVersionDate "2009.01.28"]
[SourceQuality "1"]

1. Nf3 d5 2. c4 c6 3. d4 Nf6 4. e3 e6 5. Nc3 Bb4 6. Bd3 Nbd7 7. 0-0 0-0 8. a3 Bxc3 9. bxc3 Qc7 10. Re1 dxc4 11. Bxc4 e5 12. e4 h6 13. h3 b5 14. Ba2 Bb7 15. Nh4 Kh7 16. Nf5 Nb6 17. Qf3 Ng8 18. Qg3 f6 19. h4 Bc8 20. Ne3 Qe7 21. Nf5 Bxf5 22. exf5 Nd7 23. Bb2 Qe8 24. Be6 Ne7 25. Re4 Rd8 26. Rg4 g5 27. fxg6+ Kg7 28. Bf7 Rxf7 29. gxf7+ Kxf7 30. Rg7+ Ke6 31. c4 Qh5 32. Re1 Nf5 33. Qh3 Qxh4 34. d5+ cxd5 35. cxd5+ Kd6 36. Qxf5 Nc5 37. Rf7 1-0

[Event "Belgrade Trophy 21st"]
[Site "Obrenovac"]
[Date "2008.11.29"]
[Round "3"]
[White "Stojkovska, Monika"]
[Black "Zivkovic, Dragoslav"]
[Result "1-0"]
[WhiteElo "1865"]
[BlackElo "2087"]
[PlyCount "75"]
[EventDate "2008.11.27"]
[EventType "swiss"]
[EventRounds "9"]
[EventCountry "YUG"]
[SourceTitle "CBM 127 Extra"]
[Source "ChessBase"]
[SourceDate "2009.01.08"]
[SourceVersion "2"]
[SourceVersionDate "2009.01.28"]
[SourceQuality "1"]

1. e4 c5 2. Nf3 d6 3. Bb5+ Bd7 4. Bxd7+ Qxd7 5. 0-0 Nc6 6. c3 Nf6 7. Re1 e6 8. d4 cxd4 9. cxd4 d5 10. e5 Ne4 11. Nbd2 Nxd2 12. Bxd2 Be7 13. Rc1 0-0 14. a3 a5 15. Rc3 b5 16. Rd3 a4 17. Ng5 h6 18. Nh3 f5 19. Rg3 Kh7 20. Qh5 Qe8 21. Rxg7+ Kxg7 22. Qxh6+ Kg8 23. Re3 Bh4 24. Qxh4 Ra7 25. Rg3+ Rg7 26. Rxg7+ Kxg7 27. Bh6+ Kh7 28. Bxf8+ Kg8 29. Bh6 Qg6 30. Nf4 Qg4 31. Qxg4+ fxg4 32. Ne2 b4 33. Bd2 bxa3 34. bxa3 Kf7 35. h3 gxh3 36. gxh3 Kg6 37. Kg2 Kf5 38. f3 1-0

[Event "Belgrade Trophy 21st"]
[Site "Obrenovac"]
[Date "2008.11.27"]
[Round "1"]
[White "Savic, Miodrag R"]
[Black "Zivkovic, Dragoslav"]
[Result "1-0"]
[WhiteElo "2522"]
[BlackElo "2087"]
[PlyCount "79"]
[EventDate "2008.11.27"]
[EventType "swiss"]
[EventRounds "9"]
[EventCountry "YUG"]
[SourceTitle "CBM 127 Extra"]
[Source "ChessBase"]
[SourceDate "2009.01.08"]
[SourceVersion "2"]
[SourceVersionDate "2009.01.28"]
[SourceQuality "1"]

1. e4 c5 2. c3 d5 3. exd5 Qxd5 4. Nf3 Nc6 5. Be2 Nf6 6. 0-0 e6 7. Na3 Be7 8. d4 a6 9. Nc4 Qd8 10. dxc5 Qxd1 11. Rxd1 Bxc5 12. b4 Ba7 13. Nd6+ Ke7 14. Ng5 Rf8 15. Nge4 Nxe4 16. Nxe4 Rd8 17. Rxd8 Nxd8 18. a4 Bd7 19. b5 f5 20. Ba3+ Kf7 21. Rd1 fxe4 22. Rxd7+ Kg6 23. Be7 Bb6 24. h4 h5 25. bxa6 bxa6 26. Rd6 Ba5 27. g3 Kf7 28. Bg5 Kg6 29. Bf1 Rc8 30. Bxa6 Rc6 31. Rxc6 Nxc6 32. Bb7 Ne5 33. Bxe4+ Kf7 34. Bf4 Bxc3 35. a5 Nc4 36. a6 Bd4 37. Bb8 Nd2 38. Bc6 e5 39. Bd5+ Ke7 40. a7 1-0

[Event "Belgrade Spring op"]
[Site "Belgrade"]
[Date "2008.03.31"]
[Round "7"]
[White "Zivkovic, Dragoslav"]
[Black "Radosevic, Nenad"]
[Result "0-1"]
[WhiteElo "2086"]
[BlackElo "2191"]
[PlyCount "96"]
[EventDate "2008.03.25"]
[EventType "swiss"]
[EventRounds "9"]
[EventCountry "YUG"]
[SourceTitle "CBM 123 Extra"]
[Source "ChessBase"]
[SourceDate "2008.05.06"]
[SourceVersion "1"]
[SourceVersionDate "2008.05.06"]
[SourceQuality "1"]

1. d4 e6 2. Nf3 Nf6 3. Bg5 d5 4. e3 Be7 5. c4 0-0 6. Nc3 h6 7. Bh4 b6 8. cxd5 Nxd5 9. Bxe7 Qxe7 10. e4 Nxc3 11. bxc3 Bb7 12. Bd3 Nd7 13. 0-0 c5 14. Rc1 c4 15. Bb1 e5 16. d5 Nc5 17. Qe2 b5 18. Rfd1 Rac8 19. Bc2 Qd6 20. Rb1 Ba6 21. Qe3 Kh7 22. Nh4 g6 23. Rf1 Nd3 24. Bxd3 cxd3 25. Rfc1 Rc4 26. Nf3 Rfc8 27. Nd2 Rxc3 28. Rxc3 Rxc3 29. Qxa7 Kg7 30. Qe3 Qa3 31. h4 Qxa2 32. Qg3 Qxd2 33. Qxe5+ Kh7 34. Qf6 Rc1+ 35. Kh2 Kg8 36. e5 Rc4 37. g3 Rc2 38. Rf1 Qe3 39. e6 Qa7 40. Qd8+ Kg7 41. e7 Rxf2+ 42. Rxf2 Qxf2+ 43. Kh3 Qf1+ 44. Kh2 Qe2+ 45. Kg1 d2 46. e8N+ Qxe8 47. Qxe8 d1Q+ 48. Kh2 Qxd5 0-1

[Event "Belgrade Spring op"]
[Site "Belgrade"]
[Date "2008.03.30"]
[Round "6"]
[White "Jovicic, Radosav"]
[Black "Zivkovic, Dragoslav"]
[Result "1-0"]
[WhiteElo "2288"]
[BlackElo "2086"]
[PlyCount "73"]
[EventDate "2008.03.25"]
[EventType "swiss"]
[EventRounds "9"]
[EventCountry "YUG"]
[SourceTitle "CBM 123 Extra"]
[Source "ChessBase"]
[SourceDate "2008.05.06"]
[SourceVersion "1"]
[SourceVersionDate "2008.05.06"]
[SourceQuality "1"]

1. d4 Nf6 2. Nf3 d5 3. c4 e6 4. Nc3 c6 5. Qc2 Nbd7 6. cxd5 exd5 7. Bf4 Be7 8. h3 0-0 9. e3 Re8 10. Bd3 Nf8 11. 0-0-0 Qa5 12. g4 b5 13. Ne5 Bb7 14. Kb1 Qd8 15. h4 N6d7 16. Nxd7 Qxd7 17. g5 Bd6 18. Bf5 Qe7 19. Ne2 Bc8 20. Bd3 Bxf4 21. Nxf4 Qd6 22. h5 g6 23. hxg6 fxg6 24. Rh6 Re7 25. Nh5 Rf7 26. Rh1 Bf5 27. Bxf5 Qd8 28. Nf6+ Rxf6 29. gxf6 Qxf6 30. Bd3 a5 31. f4 Re8 32. R6h3 a4 33. a3 Rb8 34. Qc3 Qd6 35. Qc5 Qxc5 36. dxc5 Rb7 37. f5 1-0

[Event "Belgrade Spring op"]
[Site "Belgrade"]
[Date "2007.03.27"]
[Round "2"]
[White "Zivkovic, Dragoslav"]
[Black "Irizanin, Radoje"]
[Result "0-1"]
[WhiteElo "2096"]
[BlackElo "2319"]
[PlyCount "82"]
[EventDate "2007.03.26"]
[EventType "swiss"]
[EventRounds "9"]
[EventCountry "YUG"]
[SourceTitle "CBM 117 Extra"]
[Source "ChessBase"]
[SourceDate "2007.05.09"]
[SourceVersion "1"]
[SourceVersionDate "2007.05.09"]
[SourceQuality "1"]

1. e4 c5 2. Nf3 d6 3. d4 cxd4 4. Nxd4 Nf6 5. Nc3 a6 6. Bg5 e6 7. a4 Be7 8. Qf3 Nbd7 9. h3 0-0 10. Be2 Qc7 11. Qg3 Kh8 12. 0-0 b6 13. Kh1 Bb7 14. f3 Nh5 15. Qh4 Bxg5 16. Qxg5 Qc5 17. Qh4 Qxd4 18. Qxh5 Nf6 19. Qg5 Rac8 20. Bd3 Rc5 21. Qd2 Qb4 22. Qc1 Rc7 23. Ne2 d5 24. e5 Nd7 25. c3 Qh4 26. Qe3 f6 27. exf6 Qxf6 28. f4 Nc5 29. Bc2 Rcf7 30. a5 e5 31. fxe5 Qxf1+ 32. Rxf1 Rxf1+ 33. Kh2 d4 34. Nxd4 R8f2 35. Kg3 Rxg2+ 36. Kh4 g5+ 37. Kh5 Rf4 38. Nf5 Rf3 39. b4 Rxe3 40. Nxe3 Re2 41. bxc5 Rxe3 0-1

[Event "Belgrade Winter op"]
[Site "Belgrade"]
[Date "2007.01.29"]
[Round "6"]
[White "Kalinic, Dusan"]
[Black "Zivkovic, Dragoslav"]
[Result "1/2-1/2"]
[WhiteElo "1995"]
[BlackElo "2096"]
[PlyCount "147"]
[EventDate "2007.01.24"]
[EventType "swiss"]
[EventRounds "9"]
[EventCountry "YUG"]
[SourceTitle "EXT 2010"]
[Source "ChessBase"]
[SourceDate "2010.11.25"]
[SourceVersion "1"]
[SourceVersionDate "2010.11.25"]
[SourceQuality "1"]

1. e4 e6 2. d4 b6 3. Bd3 Bb7 4. Nf3 c5 5. c3 cxd4 6. cxd4 Nf6 7. Qe2 Nc6 8. a3 Be7 9. 0-0 d6 10. Bd2 0-0 11. Nc3 Rc8 12. b4 g6 13. b5 Na5 14. Rab1 d5 15. e5 Nh5 16. a4 Nc4 17. Bh6 Re8 18. Nd2 Nxd2 19. Qxd2 Rc7 20. f4 f5 21. Nd1 Qd7 22. g4 Ng7 23. g5 Rec8 24. Bxg7 Kxg7 25. Kh1 Bf8 26. h4 Kg8 27. Rg1 Qe7 28. Rb3 Rc1 29. Qh2 R8c7 30. h5 Qe8 31. hxg6 hxg6 32. Be2 Rh7 33. Rh3 Rcc7 34. Kg2 Rxh3 35. Qxh3 Rh7 36. Qc3 Qc8 37. Qxc8 Bxc8 38. Kf2 Bb4 39. Ne3 Rc7 40. Bd3 Rc3 41. Ke2 Bd7 42. Rb1 Ba5 43. Bc2 Bc8 44. Rb3 Rc7 45. Bd3 Rh7 46. Ng2 Kf8 47. Rb1 Ke8 48. Rc1 Kd8 49. Rc2 Rh1 50. Kf2 Bd7 51. Bf1 Rh3 52. Ne3 Rh7 53. Kg2 Rh4 54. Kf3 Bb4 55. Re2 Bc3 56. Nc2 Kc7 57. Rg2 Kb8 58. Rg3 a6 59. Ke3 axb5 60. axb5 Bb2 61. Kf3 Bc1 62. Ne3 Rh8 63. Rh3 Rc8 64. Rh7 Rc3 65. Rxd7 Bxe3 66. Ke2 Bxd4 67. Rd6 Re3+ 68. Kd2 Rf3 69. Be2 Rxf4 70. Rxe6 Re4 71. Bf3 Rxe5 72. Rxe5 Bxe5 73. Bxd5 Bf4+ 74. Ke2 1/2-1/2

[Event "Belgrade Winter op"]
[Site "Belgrade"]
[Date "2007.01.28"]
[Round "5"]
[White "Zivkovic, Dragoslav"]
[Black "Spiric, Igor"]
[Result "0-1"]
[WhiteElo "2096"]
[BlackElo "2284"]
[PlyCount "90"]
[EventDate "2007.01.24"]
[EventType "swiss"]
[EventRounds "9"]
[EventCountry "YUG"]
[SourceTitle "EXT 2010"]
[Source "ChessBase"]
[SourceDate "2010.11.25"]
[SourceVersion "1"]
[SourceVersionDate "2010.11.25"]
[SourceQuality "1"]

1. e4 e6 2. d4 b6 3. Nf3 Bb7 4. Bd3 c5 5. c3 Nf6 6. Qe2 Be7 7. 0-0 Nc6 8. Nbd2 cxd4 9. cxd4 Nb4 10. Re1 Nxd3 11. Qxd3 Qc7 12. Nf1 Rc8 13. Ng3 Qc2 14. Qxc2 Rxc2 15. Rb1 0-0 16. Bg5 h6 17. Bd2 Rfc8 18. Be3 b5 19. d5 Bc5 20. Bd4 exd5 21. Bxc5 dxe4 22. Nd4 R2xc5 23. Ngf5 R8c7 24. Ne3 b4 25. Nb3 Re5 26. Rbc1 Rxc1 27. Rxc1 Bd5 28. Nd4 Be6 29. b3 Ra5 30. Rc2 Nd5 31. Nc4 Rc5 32. Kf1 Nc3 33. Nxe6 fxe6 34. Rd2 d5 35. Ne5 Ra5 36. Nc6 Rxa2 37. Rxa2 Nxa2 38. Nxa7 Nc1 39. Nc6 Nxb3 40. Nxb4 Kf7 41. Ke2 Nd4+ 42. Kd2 Nf5 43. Ke2 h5 44. Nc2 Ke7 45. h3 h4 0-1

[Event "Belgrade Ada op"]
[Site "Belgrade"]
[Date "2005.08.23"]
[Round "9"]
[White "Jakovljevic, Zivota"]
[Black "Zivkovic, Dragoslav"]
[Result "0-1"]
[WhiteElo "2211"]
[BlackElo "2079"]
[PlyCount "130"]
[EventDate "2005.08.15"]
[EventType "swiss"]
[EventRounds "9"]
[EventCountry "YUG"]
[SourceTitle "CBM 107 Extra"]
[Source "ChessBase"]
[SourceDate "2005.09.01"]
[SourceVersion "1"]
[SourceVersionDate "2005.09.01"]
[SourceQuality "1"]

1. d4 Nf6 2. c4 c5 3. d5 g6 4. Nc3 d6 5. e4 Bg7 6. Bd3 0-0 7. Nge2 e6 8. Bg5 h6 9. Bh4 exd5 10. cxd5 a6 11. a4 Nbd7 12. 0-0 Qc7 13. Rc1 Rb8 14. b3 Re8 15. f3 Qa5 16. Be1 Qd8 17. h3 Ne5 18. Bb1 b5 19. f4 Ned7 20. Ng3 b4 21. Nce2 a5 22. Bd3 Qb6 23. Kh2 Ba6 24. Ng1 Re7 25. Nf3 Rbe8 26. Bxa6 Qxa6 27. Nd2 h5 28. Bf2 h4 29. Nh1 Nxe4 30. Nxe4 Rxe4 31. Bxh4 Nf6 32. Bxf6 Bxf6 33. Qg4 Qc8 34. Qd1 Rd4 35. Qc2 Rxd5 36. Ng3 Rd4 37. f5 g5 38. Kh1 Be5 39. Ne4 f6 40. Nxg5 Qb7 41. Ne6 Rh4 42. Rf3 Kf7 43. Qe2 Reh8 44. Kg1 Rg8 45. Rc4 Rhh8 46. Rc1 Rh4 47. Rc4 Rhh8 48. Rc1 Rh4 49. Re1 Qc6 50. Ref1 d5 51. Qf2 Bd4 52. Nxd4 Rxd4 53. Rg3 Rg5 54. Qf3 Rxg3 55. Qxg3 Re4 56. Rf3 c4 57. Qg6+ Ke7 58. Qg7+ Kd8 59. Qa7 Qd6 60. Qxa5+ Ke7 61. Qa7+ Qd7 62. Qf2 c3 63. Rg3 Kd6 64. Rg6 Qe7 65. Qb6+ Ke5 0-1

[Event "Belgrade Zimski op"]
[Site "Belgrade"]
[Date "2005.01.26"]
[Round "4"]
[White "Stamatovic, Aleksandar"]
[Black "Zivkovic, Dragoslav"]
[Result "1/2-1/2"]
[WhiteElo "2169"]
[BlackElo "2068"]
[PlyCount "151"]
[EventDate "2005.01.22"]
[EventType "swiss"]
[EventRounds "9"]
[EventCountry "YUG"]
[SourceTitle "CBM 104 Extra"]
[Source "ChessBase"]
[SourceDate "2005.03.01"]
[SourceVersion "1"]
[SourceVersionDate "2005.03.01"]
[SourceQuality "1"]

1. e4 g6 2. d4 Bg7 3. Be3 d6 4. Qd2 c6 5. a4 Nd7 6. Nc3 e5 7. f4 Qe7 8. fxe5 dxe5 9. d5 Ngf6 10. 0-0-0 Qb4 11. Kb1 0-0 12. dxc6 bxc6 13. Qd6 Rb8 14. Qxb4 Rxb4 15. Bd3 a5 16. Nge2 Ng4 17. Bg1 Bh6 18. h3 Ne3 19. Bxe3 Bxe3 20. g4 Nc5 21. b3 Be6 22. Nc1 Rfb8 23. Rhe1 Bd4 24. N1a2 Nxa4 25. Nb5 R4xb5 26. Bxb5 Rxb5 27. Kc1 Nc3 28. Nxc3 Bxc3 29. Rd8+ Kg7 30. Re3 Bd4 31. Rd3 c5 32. c4 Rb4 33. Ra8 a4 34. Rxa4 Rxa4 35. bxa4 Bxc4 36. Ra3 f5 37. gxf5 gxf5 38. exf5 Kf6 39. a5 Kxf5 40. a6 Bd5 41. a7 Ba8 42. Rb3 Kf4 43. Rb8 Be3+ 44. Kd1 Bf3+ 45. Ke1 Be4 46. Re8 Kg3 47. a8Q Bxa8 48. Rxa8 Kf3 49. Rf8+ Ke4 50. Ke2 Bf4 51. h4 h6 52. Rc8 Kd4 53. Rd8+ Kc3 54. Kf3 c4 55. Ke4 Kc2 56. h5 c3 57. Rd5 Kb3 58. Rd8 c2 59. Rb8+ Kc3 60. Rc8+ Kd2 61. Rd8+ Ke2 62. Rc8 Kd1 63. Rd8+ Bd2 64. Rc8 Bf4 65. Rd8+ Ke2 66. Rc8 c1Q 67. Rxc1 Bxc1 68. Kxe5 Kf3 69. Kd5 Be3 70. Ke5 Bg5 71. Kd5 Kf4 72. Kd4 Kg4 73. Kd3 Kxh5 74. Ke2 Kg4 75. Kf2 Kh3 76. Kg1 1/2-1/2

[Event "Belgrade Zimski op"]
[Site "Belgrade"]
[Date "2005.01.22"]
[Round "1"]
[White "Ostojic, Nikola"]
[Black "Zivkovic, Dragoslav"]
[Result "1-0"]
[WhiteElo "2430"]
[BlackElo "2068"]
[PlyCount "78"]
[EventDate "2005.01.22"]
[EventType "swiss"]
[EventRounds "9"]
[EventCountry "YUG"]
[SourceTitle "CBM 104 Extra"]
[Source "ChessBase"]
[SourceDate "2005.03.01"]
[SourceVersion "1"]
[SourceVersionDate "2005.03.01"]
[SourceQuality "1"]

1. d4 Nf6 2. c4 g6 3. Nc3 Bg7 4. e4 d6 5. Be2 0-0 6. Bg5 c6 7. Qd2 Nbd7 8. f3 Re8 9. Bd3 e5 10. d5 c5 11. Nge2 a6 12. 0-0 Rb8 13. g4 Qa5 14. Ng3 b5 15. b3 bxc4 16. bxc4 Qa3 17. Rfb1 Rb4 18. Qc1 Qxc1+ 19. Bxc1 Rd8 20. a3 Rxb1 21. Rxb1 Bf8 22. Bd2 Be7 23. Nce2 Rf8 24. Bh6 Rd8 25. Nc1 Nf8 26. Nb3 Re8 27. Na5 Bd8 28. Bd2 Bc7 29. Nc6 h5 30. h3 Kg7 31. Bc2 hxg4 32. fxg4 N8d7 33. g5 Nh7 34. Na7 Nb6 35. Nxc8 Rxc8 36. Bd3 f6 37. gxf6+ Nxf6 38. Kg2 Rh8 39. Ba5 Rb8 1-0